[Event "TCh-CHN 2018"]
[Site "China CHN"]
[Date "2018.05.22"]
[Round "5.2"]
[Board "4"]
[White "Zhang, Xiaowen"]
[Black "Bodnaruk, Anastasia"]
[Result "0-1"]
[WhiteTitle "WGM"]
[BlackTitle "IM"]
[WhiteElo "2318"]
[BlackElo "2426"]
[WhiteTeam "Shenzhen Longgang Chess association"]
[BlackTeam "Hebei sports lottery chess team"]
[WhiteFideId "8603219"]
[BlackFideId "4181751"]
[EventDate "2018.04.11"]

1. e4 c5 2. Nf3 d6 3. d4 cxd4 4. Nxd4 Nf6 5. Nc3 a6 6. Be2 e5 7. Nf3 Be7 8. Bg5
Nbd7 9. a4 h6 10. Be3 b6 11. Nd2 Bb7 12. Bc4 Nf8 13. O-O Qc7 14. Qe2 Ne6 15.
Bxe6 fxe6 16. Nc4 d5 17. exd5 exd5 18. Nxd5 Bxd5 19. Nxb6 Rd8 20. Nxd5 Nxd5 21.
Qxa6 O-O 22. c3 Nxe3 23. fxe3 Rxf1+ 24. Rxf1 Qc5 25. Kh1 Kh8 26. e4 Rd2 27. Qb7
Qf2 28. Qc8+ Kh7 29. Qf5+ Qxf5 30. exf5 Rxb2 0-1

[Event "TCh-CHN 2018"]
[Site "China CHN"]
[Date "2018.05.22"]
[Round "5.2"]
[Board "5"]
[White "Ushenina, Anna"]
[Black "Guo, Weibao"]
[Result "1-0"]
[WhiteTitle "GM"]
[WhiteElo "2440"]
[BlackElo "1838"]
[WhiteTeam "Shenzhen Longgang Chess association"]
[BlackTeam "Hebei sports lottery chess team"]
[WhiteFideId "14110911"]
[BlackFideId "8608440"]
[EventDate "2018.04.11"]

1. d4 d5 2. c4 c6 3. Nc3 Nf6 4. e3 a6 5. Qc2 g6 6. Bd3 Bg7 7. Nf3 Nbd7 8. O-O
O-O 9. Rd1 Qc7 10. cxd5 cxd5 11. Qb3 Nb6 12. Bd2 Bg4 13. Rac1 Qd8 14. Ne2 a5 15.
Ne5 Bxe2 16. Bxe2 Ne4 17. Be1 a4 18. Qb4 Nd6 19. Rc2 f6 20. Nd3 Ndc4 21. Nf4 Qd6
22. Nxd5 Qxb4 23. Bxb4 Nxd5 24. Bxc4 e6 25. Bxf8 Kxf8 26. Bxd5 exd5 27. Rc7 b6
28. Rdc1 1-0

[Event "TCh-CHN 2018"]
[Site "China CHN"]
[Date "2018.05.22"]
[Round "5.3"]
[Board "1"]
[White "Dai, Changren"]
[Black "Zou, Chen"]
[Result "0-1"]
[WhiteTitle "IM"]
[BlackTitle "FM"]
[WhiteElo "2464"]
[BlackElo "2384"]
[WhiteTeam "Tianjin Team"]
[BlackTeam "Hangzhou Turbine Team"]
[WhiteFideId "8608156"]
[BlackFideId "8610959"]
[EventDate "2018.04.11"]

1. e4 c5 2. Nc3 d6 3. Nf3 Nf6 4. d4 cxd4 5. Nxd4 a6 6. Be3 e5 7. Nb3 Be6 8. f3
h5 9. Nd5 Nxd5 10. exd5 Bf5 11. Bd3 Bxd3 12. Qxd3 Nd7 13. O-O-O Be7 14. Kb1 Bg5
15. Bf2 Rc8 16. h4 Be7 17. g4 Qc7 18. Nd2 hxg4 19. fxg4 Nf6 20. Rhg1 b5 21. c3
g6 22. g5 Nh5 23. Be3 Ng7 24. Rg4 Qd7 25. Qe2 Nf5 26. Bf2 Kf8 27. Rh1 Rh5 28.
Ne4 Kg7 29. Qf3 Rch8 30. Rf1 Bd8 31. Ng3 Nxg3 32. Bxg3 Rf8 33. Qe4 Qe8 34. c4 f5
35. gxf6+ Rxf6 36. Rxf6 Kxf6 37. Bf4 Kg7 38. c5 Qf7 39. Be3 dxc5 40. Bxc5 Qf5
41. d6 Kf7 42. Kc2 Rxh4 43. Rxh4 Bxh4 44. Kd3 Ke6 45. b3 Bg5 46. a4 Bh6 47. axb5
axb5 48. Ba3 Kd7 49. Bb2 Bg7 50. Ke3 Qxe4+ 51. Kxe4 Kxd6 52. Ba3+ Ke6 53. Bc1
Bf6 54. Bd2 g5 55. Be1 Be7 56. Bg3 Bd6 57. Bh2 g4 58. Bg3 Bc7 59. Bh2 Bd6 60.
Bg3 Bc5 61. Bxe5 Bf2 62. Bc3 g3 63. Kf3 Kd5 64. Bf6 Be1 65. Bg7 Kc5 66. Bf8+ Kd4
67. Bd6 Kc3 68. b4 Kc4 69. Kg2 Kd5 70. Be7 Kc4 71. Bd6 Kb3 72. Kf3 Kc2 73. Kg2
Kb3 74. Kf3 Kc4 75. Kg2 Bxb4 76. Bxg3 Kd3 77. Kf3 Bc5 78. Be1 Bd4 79. Bb4 Kc4
80. Be7 Bc5 81. Bf6 Kd3 82. Bb2 b4 83. Kf4 Bd4 84. Bc1 Kc2 0-1

[Event "TCh-CHN 2018"]
[Site "China CHN"]
[Date "2018.05.22"]
[Round "5.3"]
[Board "2"]
[White "Wang, Yue"]
[Black "Xiang, Zeyu"]
[Result "1/2-1/2"]
[WhiteTitle "GM"]
[WhiteElo "2683"]
[BlackElo "2435"]
[WhiteTeam "Tianjin Team"]
[BlackTeam "Hangzhou Turbine Team"]
[WhiteFideId "8601429"]
[BlackFideId "8608547"]
[EventDate "2018.04.11"]

1. e4 e5 2. Bc4 Nf6 3. d3 Bc5 4. Nf3 d6 5. c3 c6 6. O-O Nbd7 7. Bg5 h6 8. Bh4
O-O 9. Nbd2 Re8 10. d4 Bb6 11. a4 Bc7 12. Qb3 Qe7 13. Qa3 g5 14. Bg3 Nf8 15.
Rfe1 Ng6 16. Qb3 Kg7 17. Nf1 Rb8 18. Qc2 h5 19. h4 Nh7 20. hxg5 Nxg5 21. Nxg5
Qxg5 22. Qd2 Qxd2 23. Nxd2 h4 24. Bh2 Bd7 25. Rad1 Rbd8 26. f3 Bb6 27. Nb3 d5
28. exd5 cxd5 29. Bb5 Bxb5 30. axb5 exd4 31. Nxd4 Rxe1+ 32. Rxe1 Bxd4+ 33. cxd4
Rc8 34. Be5+ f6 35. Bd6 Rc2 36. b4 a6 37. b6 Kf7 38. Kh2 Rb2 39. Kh3 Rc2 40. g3
hxg3 41. Kxg3 Rc8 42. Re2 Rd8 43. Bc5 Rg8 44. Rh2 Rh8 45. Ra2 Ke6 46. Re2+ Kf7
47. Re1 Rd8 48. Kg4 Rg8 49. Rh1 Rh8 50. Ra1 Ke6 51. Re1+ Kf7 52. Ra1 Ke6 53.
Re1+ Kf7 54. f4 Rh4+ 55. Kg3 f5 56. Bd6 Rh7 57. Be5 Ke6 58. Re2 Ne7 59. Rg2 Rh6
60. Rc2 Kf7 61. Bc7 Nc6 62. Be5 Ne7 1/2-1/2

[Event "TCh-CHN 2018"]
[Site "China CHN"]
[Date "2018.05.22"]
[Round "5.3"]
[Board "4"]
[White "Zhou, Zirun"]
[Black "Xiao, Yiyi"]
[Result "1/2-1/2"]
[BlackTitle "WFM"]
[WhiteElo "2152"]
[BlackElo "2295"]
[WhiteTeam "Hangzhou Turbine Team"]
[BlackTeam "Tianjin Team"]
[WhiteFideId "8610975"]
[BlackFideId "8606161"]
[EventDate "2018.04.11"]

1. d4 Nf6 2. c4 e6 3. Nc3 Bb4 4. Bd2 O-O 5. Nf3 b6 6. g3 Ba6 7. b3 c6 8. Bg2 d5
9. cxd5 cxd5 10. O-O Nbd7 11. a4 Qe7 12. Nb5 Rfc8 13. Ne1 Ne4 14. Bxe4 dxe4 15.
Nc2 Bxd2 16. Qxd2 Nf6 17. Qb4 Qd7 18. Ne3 Nd5 19. Nxd5 exd5 20. Rfc1 h5 21. h4
e3 22. fxe3 Re8 23. Rc3 Qg4 24. Qd6 Qxe2 25. Qxd5 Rad8 26. Qg2 Rxe3 27. Qxe2
Rxe2 28. Rd1 Bb7 29. d5 a6 30. Nc7 Rd6 31. Rdd3 Kh7 32. Kf1 Re7 33. Kf2 Bc8 34.
Re3 Rf6+ 35. Ke1 Rxe3+ 36. Rxe3 Rd6 37. Re7 Kg6 38. Ke2 Kf6 39. Re3 Rd7 40. d6
Kg6 41. Ne8 Rd8 42. Re5 Kh6 43. Ke3 Be6 44. Nc7 Bxb3 45. Nxa6 Rxd6 46. a5 Bc4
47. Nb4 bxa5 48. Rxa5 Rb6 49. Nd5 Re6+ 50. Kf4 Bd3 51. Ne3 Rf6+ 52. Ke5 Rf3 53.
Kd4 Bg6 54. Ra3 Kh7 55. Nc4 Rf6 56. Ne5 Re6 57. Kd5 Re8 58. Kd4 f6 59. Nxg6 Kxg6
60. Rf3 Re6 61. Kd3 f5 62. Kd2 Kf6 63. Ra3 g5 64. hxg5+ Kxg5 65. Ra8 Kg4 66.
Rg8+ Kf3 67. Rg5 Re5 68. Kd3 Rd5+ 69. Kc4 Re5 70. Kd4 Ra5 71. Kd3 Ra3+ 72. Kd4
Ra5 73. Kd3 h4 74. gxh4 Ra3+ 75. Kd2 f4 76. h5 Ra2+ 77. Kd3 Rh2 78. Rf5 Kg4 79.
Rf8 Kg3 80. Ke4 Re2+ 81. Kd3 Re6 82. Rg8+ Kf2 83. Rg6 Re3+ 84. Kd2 Rh3 85. h6 f3
86. Rf6 Rh5 87. Rg6 Kf1 88. Rf6 f2 89. Rg6 Rd5+ 90. Kc2 Rh5 91. Kd2 Rh1 92. Kd1
Rh5 1/2-1/2

[Event "TCh-CHN 2018"]
[Site "China CHN"]
[Date "2018.05.22"]
[Round "5.3"]
[Board "5"]
[White "Zhao, Shengxin"]
[Black "Chu, Ruotong"]
[Result "1/2-1/2"]
[WhiteTitle "WFM"]
[BlackTitle "WIM"]
[WhiteElo "2133"]
[BlackElo "2261"]
[WhiteTeam "Hangzhou Turbine Team"]
[BlackTeam "Tianjin Team"]
[WhiteFideId "8608040"]
[BlackFideId "8605653"]
[EventDate "2018.04.11"]

1. d4 d5 2. c4 dxc4 3. Nf3 a6 4. e3 b5 5. a4 Bb7 6. axb5 axb5 7. Rxa8 Bxa8 8. b3
e6 9. bxc4 bxc4 10. Bxc4 Nf6 11. Qa4+ Bc6 12. Bb5 Bxb5 13. Qxb5+ c6 14. Qa4 Qb6
15. Nbd2 Qb4 16. Qc2 Qb5 17. Ne5 Nfd7 18. Nec4 Bb4 19. O-O O-O 20. Ne4 Qf5 21.
Qa4 Be7 22. Nc3 e5 23. d5 cxd5 24. Nxd5 Bc5 25. Ba3 Qe6 26. Rd1 Bxa3 27. Qxa3 g6
28. Nd6 Nf6 29. Nxf6+ Qxf6 30. Ne4 Qc6 31. Ng5 h6 32. Nf3 e4 33. Ne5 Qe6 34. Qd6
Qxd6 35. Rxd6 Re8 1/2-1/2

[Event "TCh-CHN 2018"]
[Site "China CHN"]
[Date "2018.05.22"]
[Round "5.4"]
[Board "1"]
[White "Ding, Liren"]
[Black "Zeng, Chongsheng"]
[Result "1-0"]
[WhiteTitle "GM"]
[BlackTitle "GM"]
[WhiteElo "2816"]
[BlackElo "2535"]
[WhiteTeam "Zhejiang Chess Team"]
[BlackTeam "Chongqing Team"]
[WhiteFideId "8603677"]
[BlackFideId "8603847"]
[EventDate "2018.04.11"]

1. e4 c5 2. Nf3 Nc6 3. Bb5 e6 4. O-O Nge7 5. d4 cxd4 6. Nxd4 Qb6 7. Nxc6 bxc6 8.
Bd3 Ng6 9. c4 Be7 10. Nc3 d6 11. Rb1 O-O 12. b4 Bf6 13. Be3 Qc7 14. Qd2 a5 15.
b5 Bxc3 16. Qxc3 cxb5 17. Rxb5 Ne5 18. Be2 Bd7 19. Rb2 Rfc8 20. Rc1 Bc6 21. f3
Rab8 22. c5 Rxb2 23. Qxb2 d5 24. exd5 exd5 25. Bd4 f6 26. Qb6 Nd7 27. Qxc7 Rxc7
28. Rb1 Kf7 29. f4 Rb7 30. Rb3 Rb4 31. Rxb4 axb4 32. Kf2 Ba4 33. Ke3 g6 34. g4
f5 35. gxf5 gxf5 36. Ba6 Ke6 37. Bc8 Bc6 38. Be5 Ke7 39. Kd4 Kd8 40. Ba6 Nf8 41.
Bd6 Ng6 42. Bd3 Nh4 43. Be2 Ng6 44. Bf3 Kd7 45. Bxd5 Nh4 46. Bxc6+ Kxc6 47. Ke5
Nf3+ 48. Kxf5 Nxh2 49. Kg5 Kd5 50. Kh6 Nf3 51. Kxh7 Nh4 52. Kh6 Ke6 53. Kh5 Nf5
54. Kg5 Nd4 55. Kg6 Nf5 56. Be5 Ne7+ 57. Kg5 Nc6 58. Bg7 Ne7 59. Bf8 Nf5 60. c6
Nd4 61. c7 Kd7 62. Bd6 Ne6+ 63. Kg6 Nd4 64. f5 Nc6 65. f6 1-0

[Event "TCh-CHN 2018"]
[Site "China CHN"]
[Date "2018.05.22"]
[Round "5.4"]
[Board "2"]
[White "Gordievsky, Dmitry"]
[Black "Liu, Yan"]
[Result "1/2-1/2"]
[WhiteTitle "GM"]
[BlackTitle "IM"]
[WhiteElo "2614"]
[BlackElo "2495"]
[WhiteTeam "Zhejiang Chess Team"]
[BlackTeam "Chongqing Team"]
[WhiteFideId "24112798"]
[BlackFideId "8608962"]
[EventDate "2018.04.11"]

1. Nf3 Nf6 2. g3 b5 3. d3 d5 4. Bg2 Bb7 5. O-O e6 6. c4 dxc4 7. dxc4 Qxd1 8.
Rxd1 bxc4 9. Ne5 Bxg2 10. Kxg2 Nbd7 11. Nxc4 Nb6 12. Na5 Bd6 13. f3 Nfd5 14. e4
Ne7 15. Nb7 Bb4 16. Bf4 O-O 17. a3 Rab8 18. axb4 Rxb7 19. Be3 f6 20. Bc5 Kf7 21.
Nc3 Rfb8 22. b5 Ke8 23. Kf2 Rd8 24. Rxd8+ Kxd8 25. Ke2 Ke8 26. f4 Nec8 27. Kd3
Nd7 28. Bf2 Nb8 29. b4 c6 30. bxc6 Rxb4 31. Bxa7 Nxc6 32. Bc5 Rb2 33. Ra2 Rxa2
34. Nxa2 Kd7 35. Nc3 Nd6 36. Ba3 Nd8 37. Na4 N8b7 38. Bb2 Kc6 39. e5 fxe5 40.
Bxe5 g6 41. Bxd6 Kxd6 42. Ke4 Ke7 43. g4 Nd6+ 44. Kf3 Nf7 45. Nc3 1/2-1/2

[Event "TCh-CHN 2018"]
[Site "China CHN"]
[Date "2018.05.22"]
[Round "5.4"]
[Board "3"]
[White "Lu, Shanglei"]
[Black "Zhou, Weiqi"]
[Result "1/2-1/2"]
[WhiteTitle "GM"]
[BlackTitle "GM"]
[WhiteElo "2636"]
[BlackElo "2597"]
[WhiteTeam "Zhejiang Chess Team"]
[BlackTeam "Chongqing Team"]
[WhiteFideId "8603332"]
[BlackFideId "8601674"]
[EventDate "2018.04.11"]

1. e4 e5 2. Nf3 Nf6 3. d4 Nxe4 4. Bd3 d5 5. Nxe5 Nd7 6. Nxd7 Bxd7 7. O-O Bd6 8.
Qh5 Qf6 9. Nc3 Qxd4 10. Be3 Qe5 11. Qxe5+ Bxe5 12. Nxd5 Nf6 13. Rae1 Nxd5 14.
Bd4 f6 15. Bxe5 O-O-O 16. Bg3 Nb4 17. Re7 Nxd3 18. cxd3 g5 19. Rc1 c6 20. f3
Rde8 21. Rce1 h5 22. Rxe8+ Rxe8 23. Rxe8+ Bxe8 24. Bf2 Bg6 25. Bxa7 Bxd3 26. Kf2
Kd7 27. Ke3 Bb1 28. a3 Ke6 29. g3 g4 30. fxg4 hxg4 1/2-1/2

[Event "TCh-CHN 2018"]
[Site "China CHN"]
[Date "2018.05.22"]
[Round "5.4"]
[Board "4"]
[White "Tan, Zhongyi"]
[Black "Ding, Yixin"]
[Result "1-0"]
[WhiteTitle "GM"]
[BlackTitle "WGM"]
[WhiteElo "2513"]
[BlackElo "2429"]
[WhiteTeam "Chongqing Team"]
[BlackTeam "Zhejiang Chess Team"]
[WhiteFideId "8603642"]
[BlackFideId "8602972"]
[EventDate "2018.04.11"]

1. e4 d5 2. exd5 Qxd5 3. Nc3 Qd6 4. d4 Nf6 5. Nf3 g6 6. g3 Bg7 7. Bg2 O-O 8. O-O
c6 9. h3 Na6 10. Re1 Bf5 11. Bf4 Qd8 12. a3 Nc7 13. Qe2 Re8 14. g4 Ncd5 15. Nxd5
Nxd5 16. Bg3 Be6 17. c4 Nb6 18. b3 a5 19. a4 Nc8 20. Rad1 Qb6 21. Rd3 Qb4 22.
Red1 Nb6 23. Ng5 Bxc4 24. bxc4 Qxc4 25. Qb2 Nxa4 26. Qxb7 Nc3 27. Bxc6 Red8 28.
Qxe7 Qxc6 29. Qxf7+ Kh8 30. Be5 Rg8 31. d5 Ne2+ 32. Kf1 Qc2 33. Qc7 Qxc7 34.
Bxc7 Rge8 35. d6 Nc3 36. Rc1 Bf6 37. d7 Rg8 38. Rcxc3 Bxc3 39. Rxc3 1-0

[Event "TCh-CHN 2018"]
[Site "China CHN"]
[Date "2018.05.22"]
[Round "5.4"]
[Board "5"]
[White "Lei, Tingjie"]
[Black "Zhu, Jiner"]
[Result "0-1"]
[WhiteTitle "GM"]
[BlackTitle "WIM"]
[WhiteElo "2457"]
[BlackElo "2379"]
[WhiteTeam "Chongqing Team"]
[BlackTeam "Zhejiang Chess Team"]
[WhiteFideId "8605114"]
[BlackFideId "8608059"]
[EventDate "2018.04.11"]

1. e4 e5 2. Nf3 Nc6 3. Nc3 Nf6 4. Bb5 Bc5 5. d3 a6 6. Bxc6 dxc6 7. Ne2 Qe7 8.
Ng3 O-O 9. O-O Ne8 10. Qe2 f6 11. Bd2 Be6 12. Nh4 g6 13. Kh1 Ng7 14. Rae1 Bd7
15. Nf3 Rad8 16. Be3 Bxe3 17. fxe3 c5 18. Rf2 a5 19. Nf1 a4 20. N1d2 Be6 21. b3
Ra8 22. d4 axb3 23. axb3 cxd4 24. exd4 exd4 25. Nxd4 Rad8 26. Qe3 c5 27. Nxe6
Nxe6 28. e5 f5 29. Nc4 Ra8 30. Nd6 Ra2 31. Qf3 b6 32. Qd5 Kh8 33. Ref1 Rfa8 34.
g4 f4 35. Rxf4 Nxf4 36. Rxf4 Qh4 37. Qe4 Qh3 38. Nf7+ Kg7 39. Kg1 Ra1+ 0-1

[Event "TCh-CHN 2018"]
[Site "China CHN"]
[Date "2018.05.22"]
[Round "5.5"]
[Board "1"]
[White "Ma, Qun"]
[Black "Ni, Hua"]
[Result "1/2-1/2"]
[WhiteTitle "GM"]
[BlackTitle "GM"]
[WhiteElo "2620"]
[BlackElo "2683"]
[WhiteTeam "Hangzhou Bank Team"]
[BlackTeam "China Mobil Shanghai Chess Club"]
[WhiteFideId "8603154"]
[BlackFideId "8601160"]
[EventDate "2018.04.11"]

1. e4 e5 2. Nf3 Nf6 3. Nxe5 d6 4. Nf3 Nxe4 5. Nc3 Nf6 6. d4 Be7 7. Bd3 O-O 8. h3
b6 9. Ne2 Bb7 10. Ng3 Re8 11. O-O Nbd7 12. a4 a5 13. Re1 Bf8 14. Rxe8 Qxe8 15.
c3 g6 16. Bg5 Bg7 17. Bb5 Qf8 18. Rc1 Qc8 19. Qe2 Qf8 20. Re1 h6 21. Bd2 Re8 22.
Qd1 Rxe1+ 23. Nxe1 Qa8 24. f3 c6 25. Bd3 Ba6 26. Bf4 Bxd3 27. Nxd3 d5 28. Ne2 c5
29. Ne5 Qe8 30. Qb3 cxd4 31. cxd4 Nh5 32. Qb5 Nxf4 33. Nxf4 Bxe5 34. dxe5 Qxe5
35. Nxd5 Nf6 36. Nxf6+ 1/2-1/2

[Event "TCh-CHN 2018"]
[Site "China CHN"]
[Date "2018.05.22"]
[Round "5.5"]
[Board "2"]
[White "Gao, Rui"]
[Black "Harikrishna, Pentala"]
[Result "0-1"]
[WhiteTitle "GM"]
[BlackTitle "GM"]
[WhiteElo "2546"]
[BlackElo "2729"]
[WhiteTeam "Hangzhou Bank Team"]
[BlackTeam "China Mobil Shanghai Chess Club"]
[WhiteFideId "8602387"]
[BlackFideId "5007003"]
[EventDate "2018.04.11"]

1. e4 e5 2. Nf3 Nc6 3. Nc3 Nf6 4. Bb5 Bd6 5. d3 h6 6. O-O O-O 7. a3 a6 8. Bc4
Bc5 9. Be3 d6 10. Nd5 Nxd5 11. Bxd5 Ne7 12. Bb3 Ng6 13. d4 exd4 14. Nxd4 Re8 15.
f3 Be6 16. Bxe6 Rxe6 17. Qd2 Bxd4 18. Bxd4 d5 19. exd5 Qxd5 20. Rad1 Rae8 21.
Bc3 Qxd2 22. Bxd2 Rc6 23. Rc1 f6 24. Kf2 Ne5 25. b3 Rd8 26. Bf4 Ng6 27. Be3 Ne7
28. Rfe1 Nf5 29. g4 Nxe3 30. Rxe3 Rd2+ 31. Re2 Rxe2+ 32. Kxe2 Rc3 33. h4 g5 34.
hxg5 hxg5 35. Rd1 Rxc2+ 36. Kd3 Rc5 37. Kd4 Rc6 38. Ke4 Kf7 39. f4 gxf4 40. Kxf4
Rc3 41. Rd7+ Kg6 42. a4 a5 43. Ke4 b6 44. Kd5 c6+ 45. Kd6 Rxb3 0-1

[Event "TCh-CHN 2018"]
[Site "China CHN"]
[Date "2018.05.22"]
[Round "5.5"]
[Board "3"]
[White "Bai, Jinshi"]
[Black "Xu, Yi"]
[Result "1/2-1/2"]
[WhiteTitle "GM"]
[BlackTitle "IM"]
[WhiteElo "2568"]
[BlackElo "2533"]
[WhiteTeam "Hangzhou Bank Team"]
[BlackTeam "China Mobil Shanghai Chess Club"]
[WhiteFideId "8602280"]
[BlackFideId "8605564"]
[EventDate "2018.04.11"]

1. Nf3 Nf6 2. g3 d5 3. Bg2 e6 4. O-O Be7 5. c4 O-O 6. d4 dxc4 7. Qc2 a6 8. a4
Bd7 9. Qxc4 Bc6 10. Bg5 Bd5 11. Qc2 Be4 12. Qd1 c5 13. dxc5 Bxc5 14. Nbd2 Bc6
15. Ne5 Bxg2 16. Kxg2 Nbd7 17. Nxd7 Qxd7 18. Bxf6 gxf6 19. Ne4 Qc6 20. f3 f5 21.
Nf6+ Kg7 22. Nh5+ Kh6 23. Nf4 Be3 24. Qb3 Bxf4 25. gxf4 Rac8 26. Kh1 Rg8 27. Rg1
Rg6 28. Qb4 Qc4 29. Rxg6+ fxg6 30. Qxb7 Rc7 31. Qb6 Qxe2 32. Qxc7 Qxf3+ 33. Kg1
Qe3+ 34. Kf1 Qf3+ 35. Kg1 Qe3+ 36. Kg2 Qe2+ 37. Kg1 Qe3+ 1/2-1/2

[Event "TCh-CHN 2018"]
[Site "China CHN"]
[Date "2018.05.22"]
[Round "5.5"]
[Board "4"]
[White "Harika, Dronavalli"]
[Black "Gu, Tianlu"]
[Result "1/2-1/2"]
[WhiteTitle "GM"]
[BlackTitle "WIM"]
[WhiteElo "2498"]
[BlackElo "2231"]
[WhiteTeam "China Mobil Shanghai Chess Club"]
[BlackTeam "Hangzhou Bank Team"]
[WhiteFideId "5015197"]
[BlackFideId "8603995"]
[EventDate "2018.04.11"]

1. d4 d5 2. c4 e6 3. Nf3 Nf6 4. Bg5 h6 5. Bxf6 Qxf6 6. Nbd2 Nd7 7. a3 c5 8. cxd5
exd5 9. e3 Be7 10. Be2 O-O 11. O-O Rd8 12. Rc1 b6 13. Nb1 Bb7 14. Nc3 a6 15.
dxc5 Nxc5 16. Nd4 Ne6 17. Bf3 Nxd4 18. Qxd4 Qxd4 19. exd4 Bg5 20. Rcd1 Rac8 21.
Rfe1 Bf6 22. Na4 Bc6 23. Nc3 Bb7 24. Re2 Rc4 25. Red2 g6 26. g3 h5 27. h4 Kg7
28. Be2 Rc7 29. Bf3 Rc4 30. Rd3 Rd6 31. Kg2 Rd8 32. b3 Rc7 33. Na4 Rd6 34. Rc3
Rxc3 35. Nxc3 Rd7 36. Na4 Rd6 37. Nc3 Rd7 38. Na4 Rd6 1/2-1/2

[Event "TCh-CHN 2018"]
[Site "China CHN"]
[Date "2018.05.22"]
[Round "5.6"]
[Board "1"]
[White "Xu, Xiangyu"]
[Black "Bu, Xiangzhi"]
[Result "1/2-1/2"]
[WhiteTitle "GM"]
[BlackTitle "GM"]
[WhiteElo "2565"]
[BlackElo "2726"]
[WhiteTeam "Chengdu Beilei Youth Chess Club"]
[BlackTeam "Shandong Jingzhi Team"]
[WhiteFideId "8608288"]
[BlackFideId "8601445"]
[EventDate "2018.04.11"]

1. d4 Nf6 2. c4 e6 3. g3 d5 4. Bg2 Bb4+ 5. Nd2 O-O 6. Nf3 b6 7. O-O Bb7 8. Ne5
Bd6 9. cxd5 exd5 10. Ndc4 Be7 11. Bf4 Ne4 12. Nd2 Ng5 13. Bxg5 Bxg5 14. Rc1 Re8
15. e3 c5 16. dxc5 Rxe5 17. f4 Nc6 18. fxe5 Nxe5 19. Kh1 bxc5 20. Rf5 Qe7 21.
Qb3 c4 22. Rxe5 cxb3 23. Rxe7 Bxe7 24. Nxb3 Rc8 25. Rxc8+ Bxc8 26. Bxd5 Bg5 27.
e4 Bf6 28. Na5 Bxb2 29. Nc6 Bd7 30. Nxa7 Bd4 31. Nc6 Bxc6 32. Bxc6 Kf8 33. Kg2
Ke7 34. Bd5 g6 35. Kf3 f5 36. exf5 gxf5 37. a4 Bb6 38. Ke2 Kf6 39. Bf3 Kg5 40.
Kd3 h5 41. h4+ Kg6 42. Ke2 Bc7 43. Kf2 f4 44. gxf4 1/2-1/2

[Event "TCh-CHN 2018"]
[Site "China CHN"]
[Date "2018.05.22"]
[Round "5.6"]
[Board "2"]
[White "Vallejo Pons, Francisco"]
[Black "Zhao, Jun"]
[Result "1/2-1/2"]
[WhiteTitle "GM"]
[BlackTitle "GM"]
[WhiteElo "2694"]
[BlackElo "2607"]
[WhiteTeam "Chengdu Beilei Youth Chess Club"]
[BlackTeam "Shandong Jingzhi Team"]
[WhiteFideId "2205530"]
[BlackFideId "8602522"]
[EventDate "2018.04.11"]

1. e4 c5 2. Ne2 Nf6 3. Nbc3 d6 4. d4 cxd4 5. Nxd4 a6 6. h3 e6 7. g4 Nfd7 8. g5
Nc6 9. h4 Qb6 10. Nb3 Qc7 11. f4 b5 12. Be3 Nb6 13. Bd3 Be7 14. Qe2 Rb8 15. O-O
Na4 16. Nxa4 bxa4 17. Nd2 Rxb2 18. Nc4 Rb5 19. f5 Nb4 20. Bd4 d5 21. Ne5 Nxd3
22. cxd3 dxe4 23. Rac1 Bc5 24. Bxc5 Qxe5 25. Qe3 Bb7 26. Bd4 Qd6 27. dxe4 O-O
28. Bc5 Rxc5 29. Rxc5 exf5 30. exf5 g6 31. fxg6 hxg6 1/2-1/2

[Event "TCh-CHN 2018"]
[Site "China CHN"]
[Date "2018.05.22"]
[Round "5.6"]
[Board "3"]
[White "Liu, Guanchu"]
[Black "Wen, Yang"]
[Result "1/2-1/2"]
[WhiteTitle "IM"]
[BlackTitle "GM"]
[WhiteElo "2432"]
[BlackElo "2604"]
[WhiteTeam "Chengdu Beilei Youth Chess Club"]
[BlackTeam "Shandong Jingzhi Team"]
[WhiteFideId "8603901"]
[BlackFideId "8602956"]
[EventDate "2018.04.11"]

1. e4 e5 2. Nf3 Nc6 3. Nc3 Nf6 4. d4 exd4 5. Nxd4 Bb4 6. Nxc6 bxc6 7. Bd3 O-O 8.
O-O Re8 9. Bg5 h6 10. Bh4 Rb8 11. f4 Be7 12. b3 d6 13. Qf3 Nd7 14. Bf2 Bf6 15.
e5 dxe5 16. Qe4 Nf8 17. f5 Bb7 18. Rad1 Qe7 19. Bxa7 c5 20. Nd5 Bxd5 21. Qxd5
Rbd8 22. Qxc5 Rd6 23. Be4 Red8 24. Rd3 Nh7 25. Qc4 Rxd3 26. cxd3 Qa3 27. Qa4 Qb2
28. Rf2 Qc1+ 29. Rf1 Qb2 30. Rf2 Qc1+ 31. Rf1 Qb2 32. Rf2 1/2-1/2

[Event "TCh-CHN 2018"]
[Site "China CHN"]
[Date "2018.05.22"]
[Round "5.6"]
[Board "4"]
[White "Ning, Kaiyu"]
[Black "Ren, Xiaoyi"]
[Result "1/2-1/2"]
[WhiteElo "2217"]
[BlackElo "2256"]
[WhiteTeam "Shandong Jingzhi Team"]
[BlackTeam "Chengdu Beilei Youth Chess Club"]
[WhiteFideId "8614750"]
[BlackFideId "8608709"]
[EventDate "2018.04.11"]

1. d4 d5 2. c4 e6 3. Nf3 Nf6 4. e3 Bb4+ 5. Nbd2 O-O 6. Bd3 Nbd7 7. O-O b6 8. a3
Bxd2 9. Bxd2 Bb7 10. cxd5 exd5 11. Rc1 Ne4 12. b4 c5 13. bxc5 bxc5 14. dxc5
Ndxc5 15. Bb4 Nxd3 16. Qxd3 Re8 17. Qd4 a5 18. Bc3 Nxc3 19. Rxc3 Re4 20. Qd2 Rc4
21. Rb3 Ba6 22. Rd1 Rac8 23. Nd4 a4 24. Rb4 g6 25. h3 Qd6 26. Rdb1 Rxb4 27. Qxb4
Qd7 28. Nf3 Bc4 29. Rc1 Qe8 30. Nd2 Bd3 31. Rxc8 Qxc8 32. Nf3 Qc1+ 33. Kh2 Qc7+
34. Kg1 Qc1+ 35. Kh2 Qc7+ 1/2-1/2

[Event "TCh-CHN 2018"]
[Site "China CHN"]
[Date "2018.05.22"]
[Round "5.6"]
[Board "5"]
[White "Huang, Qian"]
[Black "Gunina, Valentina"]
[Result "1/2-1/2"]
[WhiteTitle "WGM"]
[BlackTitle "GM"]
[WhiteElo "2444"]
[BlackElo "2497"]
[WhiteTeam "Shandong Jingzhi Team"]
[BlackTeam "Chengdu Beilei Youth Chess Club"]
[WhiteFideId "8602689"]
[BlackFideId "4167570"]
[EventDate "2018.04.11"]

1. d4 d5 2. Nf3 Nf6 3. c4 e6 4. g3 Be7 5. Bg2 O-O 6. O-O Nbd7 7. Qb3 c6 8. Nc3
b6 9. Bf4 Bb7 10. Rad1 dxc4 11. Qxc4 b5 12. Qb3 b4 13. Na4 Qa5 14. Ne5 Nxe5 15.
Bxe5 Ba6 16. Bxf6 Bxf6 17. Rfe1 Rfd8 18. e3 Rac8 19. Nc5 e5 20. Nxa6 Qxa6 21.
dxe5 Bxe5 22. Qxb4 Qxa2 23. b3 h6 24. Rxd8+ Rxd8 25. Bxc6 Qd2 26. Qxd2 Rxd2 27.
Rc1 Bb2 28. Rb1 Rc2 29. Kg2 Ba3 30. Ra1 Bc5 31. Be4 Rd2 32. Rc1 Bb6 33. Rc8+ Rd8
34. Rc2 g6 35. g4 Kg7 36. h4 Rd7 37. h5 gxh5 38. gxh5 Re7 39. Bf3 Re5 40. Rd2
Kf6 41. Rd6+ Re6 42. Rd3 Ke7 43. Rc3 Rd6 44. Be4 Rd7 45. Rc1 Rc7 46. Rd1 Rd7 47.
Rg1 Rd6 48. Kf3 Re6 49. Rh1 Rd6 50. Ke2 Re6 51. Bd3 Re5 52. Rh3 Ra5 53. Bc4 Rf5
54. f4 Ra5 55. Kf3 Rc5 56. Ke4 Kf8 57. Kd3 Rc7 58. Rh1 Rd7+ 59. Ke2 Re7 60. Rh3
Rd7 61. Rg3 Ba5 62. Bd3 Rd5 63. Rh3 Bb4 64. Rh1 Ra5 65. Kf3 Rc5 66. Bc4 a5 67.
Be2 Rc3 68. Bd1 Bc5 69. Re1 Ke7 70. Ke4 Ke6 71. Bg4+ Kf6 72. Bd1 1/2-1/2